书目信息 |
| 题名: |
共同的关注
|
|
| 作者: | ;素质教育调研组 编著 | |
| 分册: | ||
| 出版信息: | 北京 教育科学出版社 2006 |
|
| 页数: | 366页 | |
| 开本: | 24cm | |
| 丛书名: | ||
| 单 册: | ||
| 中图分类: | G40-012 | |
| 科图分类: | ||
| 主题词: | 素质教育--su zhi jiao yu--调查报告--中国 | |
| 电子资源: | ||
| ISBN: | 978-7-5041-3630-5 | |
| 000 | 00884nam0 2200253 450 | |
| 001 | 012001004912 | |
| 005 | 20121205154822.0 | |
| 010 | @a978-7-5041-3630-5@dCNY36.00 | |
| 099 | @aCAL 012007024106 | |
| 100 | @a20070319d2006 em y0chiy0110 ea | |
| 101 | 0 | @achi |
| 102 | @aCN@b110000 | |
| 105 | @aak z 000yy | |
| 106 | @ar | |
| 200 | 1 | @a共同的关注@Agong tong de guan zhu@e素质教育系统调研 (续)@f素质教育调研组编著 |
| 210 | @a北京@c教育科学出版社@d2006 | |
| 215 | @a366页@c图@d24cm | |
| 330 | @a本书分为三个部分,内容包括:课题分报告选编、素质教育大讨论选编、28个省素质教育进展情况等。 | |
| 517 | 1 | @a素质教育系统调研续@Asu zhi jiao yu xi tong diao yan xu |
| 606 | 0 | @a素质教育@Asu zhi jiao yu@x调查报告@y中国 |
| 690 | @aG40-012@v4 | |
| 711 | 02 | @a素质教育调研组@Asu zhi jiao yu diao yan zu@4编著 |
| 801 | 2 | @aCN@b江苏凤凰@c20191020 |
| 905 | @b1224268-71@dG40-012@e1078@f4 | |
| 共同的关注:素质教育系统调研 (续)/素质教育调研组编著.-北京:教育科学出版社,2006 |
| 366页:图;24cm |
| ISBN 978-7-5041-3630-5:CNY36.00 |
| 本书分为三个部分,内容包括:课题分报告选编、素质教育大讨论选编、28个省素质教育进展情况等。 |
| ● |
| 相关链接 |
|
|
|
|
正题名:共同的关注
索取号:G40-012/1078
 
预约/预借
| 序号 | 登录号 | 条形码 | 馆藏地/架位号 | 状态 | 备注 |
| 1 | 1224268 | 212242688 | 第一样本阅览室/ [索取号:G40-012/1078] | 在馆 | |
| 2 | 1224269 | 212242697 | 教育系资料室/ [索取号:G40-012/1078] | 在馆 | |
| 3 | 1224270 | 212242704 | 教育系资料室/ [索取号:G40-012/1078] | 在馆 | |
| 4 | 1224271 | 212242713 | 第四借阅区/ [索取号:G40-012/1078] | 在馆 |